Retro-installation of bed joint reinforcement in masonry (Record no. 104830)

MARC details
000 -LEADER
fixed length control field 01344cam a2200205 4500
001 - CONTROL NUMBER
control field ##L131758
008 - FIXED-LENGTH DATA ELEMENTS--GENERAL INFORMATION
fixed length control field 051206n2004 000 0 eng u
020 ## - INTERNATIONAL STANDARD BOOK NUMBER
International Standard Book Number 1860817246
035 ## - SYSTEM CONTROL NUMBER
System control number (Sirsi) u131758
041 0# - LANGUAGE CODE
Language code of text/sound track or separate title eng
050 04 - LIBRARY OF CONGRESS CALL NUMBER
Classification number 693.21
Item number 218
100 1# - MAIN ENTRY--PERSONAL NAME
Personal name De Vekey, Bob
245 00 - TITLE STATEMENT
Title Retro-installation of bed joint reinforcement in masonry
260 ## - PUBLICATION, DISTRIBUTION, ETC.
Place of publication, distribution, etc. Watford
Name of publisher, distributor, etc. BRE
Date of publication, distribution, etc. 2004
300 ## - PHYSICAL DESCRIPTION
Extent 8p
Other physical details ill, tables
Dimensions 30cm
490 #0 - SERIES STATEMENT
Series statement BRE Good Building Guide
Volume/sequential designation GBG 62
520 ## - SUMMARY, ETC.
Summary, etc. Bed joint reinforcement is an accepted technique for making masonry walls tougher, stronger, and less likely to crack. In its traditional form of hoop iron or mild steel, it has a finite life and is expensive to treat or remove. More durable austenitic stainless steel (ASS) versions are now widely available. For some time, the industry has been developing methods for installing bed joint reinforcement ("retro-reinforcement") into existing walls. This guide explains how retro-reinforcement is done, discusses the materials, products and equipment used, and gives examples of when retro-reinforcement would be appropriate. Contains boxes describing the characteristics of brickwork and blockwork, and structural design issues to be considered.
690 ## - LOCAL SUBJECT ADDED ENTRY--TOPICAL TERM (OCLC, RLIN)
Topical term or geographic name as entry element BUILT ENVIRONMENT-BUILDING ELEMENTS-COMPLETE BUILDING ELEMENTS-WALLS-EXTERNAL WALLS
942 ## - ADDED ENTRY ELEMENTS (KOHA)
Suppress in OPAC 0
Holdings
Withdrawn status Lost status Source of classification or shelving scheme Damaged status Not for loan Home library Current library Shelving location Date acquired Total Checkouts Full call number Barcode Date last seen Date last checked out Copy number Price effective from Koha item type
    Dewey Decimal Classification     London London BRE publications 06/12/2005 1 ENQUIRY DESK 30061301 06/08/2019 31/03/2006 1 06/08/2019 Book